Masters of the Vortex : (Record no. 350754)

000 -LEADER
fixed length control field 01686cam a2200505 4500
001 - CONTROL NUMBER
control field 8520095
003 - CONTROL NUMBER IDENTIFIER
control field OSt
005 - DATE AND TIME OF LATEST TRANSACTION
control field 20180116183025.0
008 - FIXED-LENGTH DATA ELEMENTS--GENERAL INFORMATION
fixed length control field 730828r19731960enk 000 1 eng
015 ## - NATIONAL BIBLIOGRAPHY NUMBER
National bibliography number GB73-21764
020 ## - INTERNATIONAL STANDARD BOOK NUMBER
International Standard Book Number 0586038485 (pbk)
020 ## - INTERNATIONAL STANDARD BOOK NUMBER
International Standard Book Number 9780586038482 (pbk)
029 0# - OTHER SYSTEM CONTROL NUMBER (OCLC)
OCLC library identifier UKM
System control number b7321764
029 1# - OTHER SYSTEM CONTROL NUMBER (OCLC)
OCLC library identifier NZ1
System control number 4647061
029 1# - OTHER SYSTEM CONTROL NUMBER (OCLC)
OCLC library identifier AU@
System control number 000003548532
029 1# - OTHER SYSTEM CONTROL NUMBER (OCLC)
OCLC library identifier UNITY
System control number 023969865
029 1# - OTHER SYSTEM CONTROL NUMBER (OCLC)
OCLC library identifier COVCL
System control number 0586038485
029 1# - OTHER SYSTEM CONTROL NUMBER (OCLC)
OCLC library identifier UKLMB
System control number 0586038485
029 1# - OTHER SYSTEM CONTROL NUMBER (OCLC)
OCLC library identifier UKSMB
System control number 0586038485
029 1# - OTHER SYSTEM CONTROL NUMBER (OCLC)
OCLC library identifier UKWIR
System control number 0586038485
029 1# - OTHER SYSTEM CONTROL NUMBER (OCLC)
OCLC library identifier UKSLI
System control number 0586038485
029 1# - OTHER SYSTEM CONTROL NUMBER (OCLC)
OCLC library identifier UKSCO
System control number 0586038485
029 1# - OTHER SYSTEM CONTROL NUMBER (OCLC)
OCLC library identifier UKYLI
System control number 0586038485
029 1# - OTHER SYSTEM CONTROL NUMBER (OCLC)
OCLC library identifier UKTAL
System control number 0586038485
035 ## - SYSTEM CONTROL NUMBER
System control number (OCoLC)ocm16239428
035 ## - SYSTEM CONTROL NUMBER
System control number (OCoLC)16239428
035 ## - SYSTEM CONTROL NUMBER
System control number (NNC)8520095
040 ## - CATALOGING SOURCE
Original cataloging agency UKM
Transcribing agency UKM
Modifying agency OCL
-- OCLCG
082 00 - DEWEY DECIMAL CLASSIFICATION NUMBER
Classification number 813.52 SMI 1978
Edition number 18
100 1# - MAIN ENTRY--PERSONAL NAME
Personal name Smith, E. E.
Fuller form of name (Edward Elmer),
Dates associated with a name 1890-1965.
240 10 - UNIFORM TITLE
Uniform title Vortex Blaster
245 10 - TITLE STATEMENT
Title Masters of the Vortex :
Remainder of title (original title: The Vortex Blaster); the seventh novel of the Lensman series /
Statement of responsibility, etc. E.E. 'Doc' Smith.
260 ## - PUBLICATION, DISTRIBUTION, ETC.
Place of publication, distribution, etc. St Albans :
Name of publisher, distributor, etc. Panther,
Date of publication, distribution, etc. 1973.
300 ## - PHYSICAL DESCRIPTION
Extent 192 p. ;
Dimensions 18 cm.
440 ## - SERIES STATEMENT/ADDED ENTRY--TITLE
Title Masters of the Vortex
490 1# - SERIES STATEMENT
Series statement Lensman series / E. E. Doc Smith ;
Volume/sequential designation 7
490 1# - SERIES STATEMENT
Series statement Panther science fiction
500 ## - GENERAL NOTE
General note Originally published as 'The Vortex Blaster,' Hicksville: Gnome Press, 1960; and as 'Masters of the Vortex,' London: W.H. Allen, 1972.
653 ## - INDEX TERM--UNCONTROLLED
Uncontrolled term Fiction in English, 1900- Texts
800 1# - SERIES ADDED ENTRY--PERSONAL NAME
Personal name Smith, E. E.
Fuller form of name (Edward Elmer),
Dates associated with a name 1890-1965.
Title of a work Lensman series ;
Volume/sequential designation 7.
830 #0 - SERIES ADDED ENTRY--UNIFORM TITLE
Uniform title Panther science fiction.
942 ## - ADDED ENTRY ELEMENTS (KOHA)
Source of classification or shelving scheme
Koha item type Book
948 1# - LOCAL PROCESSING INFORMATION (OCLC); SERIES PART DESIGNATOR (RLIN)
Series part designator, SPT (RLIN) 20110304
b (OCLC) c
c (OCLC) garecap3
d (OCLC) OSMC
Holdings
Withdrawn status Lost status Source of classification or shelving scheme Damaged status Not for loan Collection code Permanent Location Current Location Shelving location Date acquired Total Checkouts Full call number Barcode Date last seen Date last checked out Price effective from Koha item type
            Central Library (CL) Central Library (CL) Fiction 12/03/2015 1 813.52 SMI 1978 NBSD-2133 10/24/2023 10/02/2023 12/03/2015 Book
© 2023 Central Library, National University of Sciences and Technology. All Rights Reserved.